000 00276nam a22001337a 4500
008 221111b ||||| |||| 00| 0 eng d
041 _aeng
080 _a32
082 _a32
100 _a20
101 _aSHP
245 _aALL COHERENCE GONE
_cHARRIS V
942 _2udc
_cBK
999 _c58868
_d58868